000 00488nam a22001697a 4500
005 20251108172101.0
008 250721s1961 xx 000 0 ara d
082 1 4 _aم/920.0612/طاه
100 1 _aالزاوي، طاهر أحمد
245 1 0 _aأعلام ليبيا /
264 1 _aطرابلس (ليبيا) :
_bدار احياء الكتب العربية،
_c1961.
300 _a365ص
650 1 7 _aالتراجم
650 1 7 _aليبيا
942 _2ddc
_cREF
999 _c70069
_d70069